000 02657 a2200277 4500
005 20090512101033.0
008 090512t xxu||||| |||| 00| 0 hin d
010 _aB-300945-949
020 _a8179750825
_c750.00
035 _aB-300945-949
037 _bअनामिका पब्लिशर्स एंड डिस्ट्रीब्यूटर्स
040 _adpl
_bhn
082 _a303.482
100 _aचतुर्वेदी, जगदीश्वर
245 _aयुद्ध ग्लोबल संस्कृति और मीडिया /
_cजगदीश्वर चतुर्वेदी
260 _aनई दिल्ली
_bअनामिका पब्लिशर्स एंड डिस्ट्रीब्यूटर्स
_c2005
270 _a4697/3, 21-ए,अंसारी रोड, दरियागंज
_bनई दिल्ली
_e110002
300 _a445पृ
_c22 सेमी (सजिल्द)
942 _adpl
_cHN
_k /चतुर्वे
_2ddc
_h303.482
_mचतुर्वे
999 _c12654
_d12654